Grinding practice; typical machines and methods used in a wide variety of work (Record no. 1468)

000 -LEADER
fixed length control field 00497nam a22001697a 4500
008 - FIXED-LENGTH DATA ELEMENTS--GENERAL INFORMATION
fixed length control field 200124b ||||| |||| 00| 0 eng d
082 00 - DEWEY DECIMAL CLASSIFICATION NUMBER
Classification number 621.92
Item number C7272
100 ## - MAIN ENTRY--PERSONAL NAME
9 (RLIN) 251
Personal name Colvin, Fred H.
245 10 - TITLE STATEMENT
Title Grinding practice; typical machines and methods used in a wide variety of work
250 ## - EDITION STATEMENT
Edition statement 3rd
260 ## - PUBLICATION, DISTRIBUTION, ETC. (IMPRINT)
Place of publication, distribution, etc New York
Name of publisher, distributor, etc McGraw-Hill
Date of publication, distribution, etc 1950
300 ## - PHYSICAL DESCRIPTION
Extent xiii,419p.
365 ## - TRADE PRICE
Unit of pricing 21.06
650 #0 - SUBJECT ADDED ENTRY--TOPICAL TERM
Topical term or geographic name as entry element Grinding and Polishing
700 ## - ADDED ENTRY--PERSONAL NAME
9 (RLIN) 253
Personal name Stanley, Frank A.
942 ## - ADDED ENTRY ELEMENTS (KOHA)
Item type Books
Holdings
Withdrawn status Lost status Source of classification or shelving scheme Damaged status Not for loan Permanent location Current location Date acquired Source of acquisition Full call number Barcode Date last seen Koha item type
          IMU Kolkata IMU Kolkata 1953-01-19 A. H. Wheeler 621.92 C7272 01254 2020-01-24 Books
          IMU Kolkata IMU Kolkata 1953-01-19 A. H. Wheeler 621.92 C7272 01255 2020-01-24 Books
Designed and Maintained by IMU-KC Library, Kolkata Campus © Copyright All Rights Reserved

webs counters

Powered by Koha